| 000 | 00000nam##2200000za#4500 |
| 001 | 9.575650 |
| 003 | CaOODSP |
| 005 | 20210624184751 |
| 007 | cr ||||||||||| |
| 008 | 150406|2008||||xxc|||||o f|0| 0 eng|d |
| 040 | |aCaOODSP|beng |
| 043 | |an-cn--- |
| 086 | 1 |aTU3-5/08-42E-PDF |
| 110 | 2 |aTransportation Safety Board of Canada. |
| 245 | 10|aLoss of separation - NAV CANADA Edmonton Area Control Centre, 25 November 2008 |h[electronic resource] |
| 260 | |aGatineau - Quebec : |bTransportation Safety Board of Canada |c[2008]. |
| 300 | |a7p.|bfig., references |
| 490 | 1 |aAviation investigation report |vA08W0232 |
| 590 | |a13-02-Supp|b2013-01-11 |
| 775 | 08|tPerte d'espacement mettant en cause le centre de contrôle régional d'Edmonton exploité par NAV CANADA, le 25 novembre 2008 |w(CaOODSP)9.605144 |
| 830 | #0|aAviation investigation report ;|vA08W0232|w(CaOODSP)9.504825 |
| 856 | 40|ahttp://publications.gc.ca|qPDF|s381 KB|uhttps://publications.gc.ca/collections/collection_2012/bst-tsb/TU3-5-08-42-eng.pdf|yA08W0232 |